000 00761nam a2200265Ia 4500
001 dia_4198
003 CHAP
005 20240516111819.0
007 ta
008 220117s1998 mx f 000 0 spa d
010 _a174835
040 _cCHAP
_amxchpua
090 _aFOLLETO 2699
100 1 _aMontoya Coronado, Lope
_977979
245 1 0 _aQuilantan 97 :
_bvariedad de cartamo tip oleico para el Noroeste de México /
_cLope Montoya Coronado
260 _aSonora, México :
_bINIFAP,
_c1998
300 _a12 páginas
440 _942067
_aFolleto técnico
_n35
500 _aD.
650 1 0 _aCártamo
_9155727
901 _aFOLLETO 2699
902 _aM
905 _a0000001998 mx 0000000000spa00
942 _cFOLL
_2local
999 _c174835
_d174835